000 00722nab a2200193 4500
001 244442
003 OSt
005 20250324093730.0
007 tu
008 200917s2020|||||||
040 _aDE-2950
_cDE-2950
245 0 0 _aErschließung an der A 12 kostet Millionen
_bInfrastruktur. Zur Anbindung des neuen Industriegebietes an der A 12 lässt die FWA in Frankfurt (Oder) neue Wasser- und Abwasserleitungen verlegen. Welche Herausforderungen das Millionenprojekt mit sich bringt/
_cInes Weber-Rath
264 _c2024
653 _aFrankfurt (Oder)
653 _aFWA
653 _aIndustriegebiet an A 12
773 0 _g36. Jahrgang (2025) Nr. 65 vom 18.03.2025, S. 15 mit Foto
_tMärkische Oderzeitung
942 _2z
_cA
999 _c373654
_d373654